| 000 | 00608nam a2200193 i 4500 | ||
|---|---|---|---|
| 001 | 39302 | ||
| 003 | ES-MaACL | ||
| 005 | 20250607063017.0 | ||
| 007 | t| | ||
| 008 | 030227s1958 xxk ||||1| eng d | ||
| 080 | _a821.133.1-31"19" | ||
| 100 | 1 |
_aCamus, Albert, _d1913-1960 _9240798 |
|
| 245 | 1 | 0 |
_aExile and the kingdom / _cAlbert Camus ; translated by Justin O'Brian. |
| 260 |
_a[Middlesex] : _bPenguin Books, _c1958 ( _eLondon : _fPrint Cox and Wyman) |
||
| 300 |
_a151 p. ; _c18 cm. |
||
| 700 | 1 |
_aO'Brian, Justin. _986277 |
|
| 852 |
_aES-MaACL _jC-26466 _bR.55506 |
||
| 999 |
_c39302 _d39302 |
||